| 000 | 01533cam a22003494a 4500 | ||
|---|---|---|---|
| 001 | 3103088 | ||
| 003 | OSt | ||
| 005 | 20150526161810.0 | ||
| 008 | 990412s2002 nyua b 001 0 eng | ||
| 010 | _a 99023427 | ||
| 020 | _a0471193747 (cloth) | ||
| 040 |
_aDLC _cDLC _dDLC |
||
| 042 | _apcc | ||
| 050 | 0 | 0 |
_aTJ217.5 _b.A43 2002 |
| 082 | 0 | 0 |
_a629.8 MEY 2002 _221 |
| 100 | 1 |
_aMeystel, A. _q(Alex) _94920 |
|
| 245 | 1 | 0 |
_aIntelligent systems : _barchitecture, design, and control / _cAlexander M. Meystel, James S. Albus. |
| 260 |
_aNew York : _bWiley, _cc2002. |
||
| 300 |
_axxi, 696 p. : _bill. ; _c26 cm. |
||
| 440 | 0 |
_aWiley series on intelligent systems _94921 |
|
| 500 | _a"A Wiley-Interscience Publication." | ||
| 504 | _aIncludes bibliographical references and indexes. | ||
| 650 | 0 |
_aIntelligent control systems. _94922 |
|
| 700 | 1 |
_aAlbus, James Sacra. _94923 |
|
| 856 | 4 | 2 |
_3Contributor biographical information _uhttp://www.loc.gov/catdir/bios/wiley041/99023427.html |
| 856 | 4 | 2 |
_3Publisher description _uhttp://www.loc.gov/catdir/description/wiley032/99023427.html |
| 856 | 4 | 1 |
_3Table of contents _uhttp://www.loc.gov/catdir/toc/onix02/99023427.html |
| 856 | 4 | 2 |
_3Book review (E-STREAMS) _uhttp://www.e-streams.com/es0603/es0603_2351.html |
| 906 |
_a7 _bcbc _corignew _d1 _eocip _f19 _gy-gencatlg |
||
| 942 |
_2z _cSLOAN |
||
| 999 |
_c1877 _d1877 |
||